Study of cognitive styles of high school students of home science in relation to age achievement, home environment and social class (Record no. 21039)

MARC details
000 -LEADER
fixed length control field 00484nam a2200145Ia 4500
082 ## - DEWEY DECIMAL CLASSIFICATION NUMBER
Classification number TP.0014
100 ## - MAIN ENTRY--AUTHOR NAME
Personal name Paul, Sarla
245 #0 - TITLE STATEMENT
Title Study of cognitive styles of high school students of home science in relation to age achievement, home environment and social class
260 ## - PUBLICATION, DISTRIBUTION, ETC. (IMPRINT)
Year of publication 1985
Name of publisher Agra University
300 ## - PHYSICAL DESCRIPTION
Number of Pages 205p. + C D - 47
650 ## - SUBJECT ADDED ENTRY--TOPICAL TERM
Topical Term HIGH SCHOOL STUDENTS - PSYCHOLOGY
650 ## - SUBJECT ADDED ENTRY--TOPICAL TERM
Topical Term HOME ECONOMICS STUDENTS - PSYCHOLOGY
710 ## - ADDED ENTRY--CORPORATE NAME
Corporate name or jurisdiction name as entry element Dinesh Chandra
942 ## - ADDED ENTRY ELEMENTS (KOHA)
Koha item type Thesis
Source of classification or shelving scheme Dewey Decimal Classification
Holdings
Withdrawn status Lost status Damaged status Not for loan Home library Current library Date acquired Bill Date Full call number Accession Number Price effective from Koha item type
        NASSDOC Library NASSDOC Library 08/10/2004 2004-10-22 TP.0014 26673 18/04/2019 Thesis